Geboren in Oldenburg - Statistiken

Allgemein
  • Dieses Quiz wurde 71 mal gespielt
    11 seit der letzten Aktualisierung
  • Das Durchschnittsergebnis liegt bei 3 aus 11
Antwortstatistiken
Hinweis Antwort % Korrekt
Fernsehmoderator, bekannt im Duo mit Joko Winterscheidt 1983 Klaas Heufer-Umlauf
91%
RAF-Terroristin und frühere Journalistin 1934 Ulrike Meinhof
55%
Parfüminfluencer und Social Media Berühmtheit 1989 Jeremy Fragrance
36%
Handballnationaltorwart, HSV Hamburg 1982 Johannes Bitter
36%
bedeutender Philosoph und Psychiater, Vertreter der Existenzphilosophie 1883 Karl Jaspers
18%
Begründer der dänischen Königsdynastie aus dem Hause Oldenburg 1426 Christian I.
9%
Fußballnationalspielerin, Eintracht Frankfurt 1997 Elisa Senß
9%
CDU-Politiker, stellvertrender Ministerpräsident von Niedersachsen und Wirtschaftsminister 1966 Bernd Althusmann
0%
Moderator für KIKA, "Checker Can" 1983 Can Mansuroglu
0%
Schauspieler und Regisseur, "Ijon Tichy: Raumpilot" 1969 Oliver Jahn
0%
deutsch-amerikanischer Kameramann, "Edward mit den Scherenhänden" "Batmans Rückkehr" "Ed Wood" "Matilda" 1950 Stefan Czapsky
0%
Keine übereinstimmenden Quizze gefunden
Verteilung der Resultate
Anzahl Personen mit jedem Resultat
Perzentil nach korrekt beantworteten Fragen
Ihre Resultats-Entwicklung
Sie haben dieses Quiz seit der letzten Aktualisierung nicht gespielt